Science Quiz

Random Science Quiz

Athletic Training Quiz Stats

 Plays Quiz not verified by Sporcle

Challenge
Share
Tweet
Embed
Score 0/19 Timer 10:00
0 Plays Today
Cause and Signs Injury % Correct
Tennis ElbowLateral
84.7%
Golfer's ElbowMedial
81.6%
Tennis Elbow or Golfer's Elbow. Overuse and poor mechanics. Weak wrist extension. Point tenderness. Epicondylitis
61.2%
Trauma. Bruising, sensory lossContusion
41.8%
Overuse. Point tenderness, sensory loss of Median nerve. Carpal Tunnel
40.8%
FOOSH. Point tenderness on the anatomical snuffbox. Scaphoid Fracture
38.8%
Direct Trauma or infection in the elbow. Point tenderness and swellingOlecranon Bursitis
32.7%
Wrist Trauma. Swan neck deformity. point tenderness. Colles Fracture
27.6%
Arm hyperextension. Pain, swelling, deformity, sensory loss. Elbow Dislocation
25.5%
FOOSH, Pulling at the distal wrist. Subluxation/Dislocation of the radial head from the annular ligament. Pain, deformity, instability. Nursemaids Elbow
13.3%
Cause and Signs Injury % Correct
Trauma in the Elbow. Pain, swelling, deformity, sensory lossElbow Fracture
13.3%
Direct Trauma or Overuse of the elbow. Pain and Grip weakness. Elbow Sprain
11.2%
Trauma to the forearm. Point tenderness, deformityForearm Fracture
10.2%
Loss of blood supply after elbow injury. Cold and painful forearm. Volkmann's Contracture
9.2%
Wrist hyperextension. Point tenderness, deformity. Dislocation of the lunate
7.1%
Often accompanied with an avulsion fractureUCL injury
7.1%
Parethesia in the 4th and fifth fingers. Weak finger abduciton. Ulnar Nerve Injury (Funny Bone)
6.1%
Overuse and Excessive force on the forearm. Tenderness and weakness. Strains and Splints
6.1%
Trauma to fingers. point tenderness and deformityMetacarpal Fracture
6.1%

You're not logged in!

Compare scores with friends on all Sporcle quizzes.
Join for Free
OR
Log In

You Might Also Like...

Show Comments

Extras

Top Quizzes Today


Score Distribution

Your Account Isn't Verified!

In order to create a playlist on Sporcle, you need to verify the email address you used during registration. Go to your Sporcle Settings to finish the process.

Report this User

Report this user for behavior that violates our Community Guidelines.

Details: